| 000 | 01220nac a22003857a 4500 | ||
|---|---|---|---|
| 001 | BR9705639 | ||
| 003 | BR-BrBNA | ||
| 005 | 20240105121954.0 | ||
| 008 | 230509b bl.|||m| |||| 00| 0 por d | ||
| 040 |
_aBR-BrBNA _bpor _cBiblioteca Nacional de Agricultura |
||
| 072 | _aP33 | ||
| 090 | _a0230 BR9705639 | ||
| 100 | 1 | _aSilva, F.C. da | |
| 100 | 1 | _aFonte Junior, L. | |
| 100 | 1 | _aRodrigues, J.A. | |
| 100 | 1 | _aPilotto, J.E. | |
| 100 | 1 | _aBoaretto, A.E. | |
| 100 | 1 | _aOliveira, J.C.M. de | |
| 100 | 1 | _aBerton, R.S. | |
| 100 | 1 | _aZotelli, H.B. | |
| 110 | 1 |
_aCentro Nacional de Pesquisa de Solos, Rio de Janeiro, RJ (Brasil) _91803 |
|
| 245 | 1 | _aEfeitos do lodo de esgoto na distribuicao radicular e nos teores de metais pesados em cana de acucar | |
| 260 | 3 |
_aRio de janeiro, RJ (Brasil): _c1997. |
|
| 300 | _a12 p. | ||
| 490 |
_aPesquisa em Andamento - Centro Nacional de Pesquisa de Solos (Brazil) _vno. 2 _x |
||
| 500 | _a10 ref.; 7 tables | ||
| 650 | _aCana de Acucar | ||
| 650 | _aRaiz | ||
| 650 | _aMetal Pesado | ||
| 650 | _aRede de Esgoto | ||
| 650 | _aFertilidade do Solo | ||
| 650 | _aQuimica do Solo | ||
| 909 |
_a202312 _bLúcia Elande _c55 _dLúcia Elande |
||
| 942 |
_2AGRIS _n0 _cMS |
||
| 999 |
_c288515 _d288515 |
||